A ratinha presumida (Registo nº 4602)

Detalhes MARC
000 -Etiqueta do registo
Cabeçalho 00538nam0a2200217 4500
005 - Identificador da versão
Campo de controlo 20240813122106.0
095 ## -
-- PTBN00471790
100 ## - Dados gerais de processamento
Dados gerais de processamento 20170309f19 a y0pory5003 ba
102 ## - Pais de publicação ou produção
País de publicação Portugal
101 1# - Língua de publicação
Língua do texto, banda sonora, etc. Português
215 ## - Descrição física 
Indicação específica da natureza do documento e extensão da espécie [10] p.
Outras indicações físicas il. color
200 1# - Titulo e menção de responsabilidade
Título próprio A ratinha presumida
225 1# - Colecção 
Título próprio da colecção Contos recortados
Indicação de volume 13
210 ## - Publicação, Distribuição, etc. 
Lugar da edição, distribuição, etc. [S. l.]
Nome do editor, distribuidor, etc. Majora
Data da publicação, distribuição, etc. [19--]
606 ## - Nome comum usado como assunto
Número de registo de entrada de autoridade 0001509
Palavra de ordem Literatura
Subdivisão de assunto Conto
Código do sistema CA
675 ## - Classificação Decimal Universal (CDU)
Notação 82-34
Edição 3ª ed.
Língua da edição por
966 ## - Identificação da Biblioteca
Sigla EBVEN
942 ## - Elementos de entrada adicionados (Koha)
Tipo de item no Koha Livro
Exemplares
Situação do levantamento Origin of item (home branch) (coded) Biblioteca de empréstimo Código de barras Cota Circulation type (not for loan) Tipo de documento Nota do exemplar Damaged status
  Biblioteca Escolar das Vendas Biblioteca Escolar das Vendas BEV1553 8EST RAT   Livro Sem mensagem